Score 0/32 Timer 05:00
0 Plays Today
Clue 4-Letter Word % Correct
Object tossed at an NFL gameBALL
87.2%
'____ This Way'WALK
83.6%
LectureTALK
79.9%
Common maze obstacleWALL
77.9%
'What's My ____?'NAME
76.4%
Where some fish liveLAKE
72.2%
Cook potatoesBAKE
71.3%
LegendTALE
71%
Cook potatoesBOIL
68.3%
Wrapped formationBALE
64.4%
Like some wolvesTAME
60.8%
'What's My ____?'LINE
49.1%
Object tossed at an NFL gameCOIN
46.1%
Wrapped formationCOIL
43%
Word before '0' in a TV show titleFIVE
40.4%
Common maze obstacleCORN
38.7%
Clue 4-Letter Word % Correct
'____ This Way'BORN
38.4%
LuxuriousFINE
37.5%
Wedding cake decorationLACE
36.8%
Like some wolvesLONE
35.6%
Where some fish liveBOWL
35.6%
LegendLORE
35.5%
LectureBORE
32.5%
They cause headaches for parentsLICE
28.3%
____ bombingDIVE
26%
Game store purchasesTOYS
25.8%
Wedding cake decorationBOWS
25.8%
They cause headaches for parentsBOYS
25.6%
Game store purchasesDICE
24%
LuxuriousPOSH
22.1%
Word before '0' in a TV show titleTOSH
17.4%
____ bombingTOSS
13.2%

Today's Daily Dose

Remove Ads.
Support Sporcle.
Get the best of Sporcle when you Go Orange. This ad-free experience offers more features, more stats, and more fun while also helping to support Sporcle. Thank you for becoming a member.

You're not logged in!

Compare scores with friends on all Sporcle quizzes.
OR
Log In

Show Comments

Extras

Top Quizzes Today


Score Distribution

Your Account Isn't Verified!

In order to create a playlist on Sporcle, you need to verify the email address you used during registration. Go to your Sporcle Settings to finish the process.

Report this User

Report this user for behavior that violates our Community Guidelines.

Details: